| 000 | 00953nam a22001817a 4500 | ||
|---|---|---|---|
| 005 | 20230904114328.0 | ||
| 010 | _aB-755742 | ||
| 020 |
_a9788123796116 _c360.00 |
||
| 035 | _aB-755742 | ||
| 082 |
_22021 _a921 _b1 |
||
| 100 |
_aचन्द्र लोकेश _955846 |
||
| 245 |
_aएशिया के हृद्यांच्लो में / _bभारत-भारती , _cलोकेश चन्द्र |
||
| 260 |
_aनई दिल्ली _bरास्ट्रीय पुस्तक न्यास _c2021 |
||
| 270 |
_aनेहरु भवन 5 ,इंस्टीटूटीण्ऴ एरिया फेज 2, वसंत कुञ्ज _bनई दिल्ली _e110070 |
||
| 300 |
_a230 पृ. _b21सेमी (अजिल्द) |
||
| 942 |
_2ddc _cHN _e2021 _h921 _mचन्द्रल |
||
| 999 |
_c197785 _d197785 |
||